000 01305cam a2200553 4500
001 ABS68317
008 041012n2004 000 0 eng u
035 _a(Sirsi) u127669
245 _aFocus 1: Central and Eastern Europe
260 _c2004
490 _aEstates Gazette
_v(0440) 2 October 2004, 85-99(11)
590 _aABS
590 _aABS
650 _aEASTERN EUROPE
650 _aCENTRAL EUROPE
650 _aMUNICH
650 _aSLOVAKIA
650 _aRUSSIA
650 _aMOSCOW
650 _aPOLAND
650 _aWARSAW
650 _aPRAGUE
650 _aGERMANY
650 _aBERLIN
650 _aHAMBURG
650 _aSTUGGART
650 _aDUSSELDORF
650 _aFRANKFURT
650 _aDRESDEN
650 _aESSEN
650 _aLEIPZIG
650 _aROMANIA
650 _aCZECH REPUBLIC
650 _aLATVIA
650 _aCROATIA
650 _aSLOVENIA
650 _aHUNGARY
650 _aESTONIA
650 _aBULGARIA
650 _aTURKEY
650 _aOCCUPIERS
650 _aPRIME RENTS
650 _aOFFICE MARKET
650 _aINDUSTRIAL MARKET
650 _aPROPERTY-COMMERCIAL PROPERTY-RETAIL PROPERTY-RETAIL PROPERTY MARKET
650 _aIRISH INVESTMENT
690 _aCOMMERCIAL PROPERTY-MARKET
942 _n0
999 _c118141
_d118141